| 000 | 00878nam a2200229Ia 4500 | ||
|---|---|---|---|
| 999 |
_c39379 _d39379 |
||
| 001 | 5968 | ||
| 003 | GE_BSU | ||
| 005 | 20191030115908.0 | ||
| 008 | 181216s2012||||ge |||||||||||||| ||geo|| | ||
| 020 | _a9789941918193 | ||
| 040 | _cGE_BSU | ||
| 041 | _ageo | ||
| 080 | _a347.096 ჩ-31 | ||
| 100 |
_aჩაჩანიძე, ეთერ _92901 |
||
| 245 |
_aსამოქალაქო კაზუსების ამოხსნის მაგალითები : _bკრებული / _cეთერ ჩაჩანიძე. |
||
| 264 |
_aთბილისი : _bGiz, _c2012. |
||
| 300 |
_a39 გვ. ; _b23 სმ. |
||
| 504 | _aბიბლიოგრ.: გვ. 40. | ||
| 653 | _aსამოქალაქო სამართალი; | ||
| 653 | _aსამოქალაქო კაზუსის ამოხსნა; | ||
| 942 |
_cBK _2udc |
||